000 00934nam a2200253 i 4500
003 DO-SdBNP
005 20250205115109.0
007 ta
008 220830e2006 dr a|||fr|||| 001 0 spa d
040 _aDO-SdBNP
_bspa
_cBNPHU
_erda
082 4 _axxx
_bR426m
_222
110 1 _aRepública Dominicana.
_bSecretaría de Estado de Educación, Bellas Artes y Cultos
_923965
245 1 0 _aModelo de gestión de la calidad para los centros educativos /
_cJulio Leonardo Valeirón
264 _aSanto Domingo :
_bSecretaría de Estado de Educación, Bellas Artes y Cultos,
_c2006.
300 _a63 paginas :
_bilustraciones ;
_c25 cm
336 _atexto
_btxt
_2rdacontent
337 _asin mediación
_bn
_2rdamedia
338 _avolumen
_bnc
_2rdacarrier
500 _aGestión Educación 2004 - 2006
590 _aInventariado 2022 / MF
700 1 _aValeirón, Julio Leonardo,
_eautor
_4aut.
_973363
910 _aMFeliz
942 _2ddc
_cLBS1
999 _c52343
_d52343